000
002920000a22001330004500
020
_a
958-04-0797-5
082
0
4
_a
T F M133i
100
1
_a
McClymont, Diane
245
1
0
_a
Como se hace los libros / Diane McClymont
260
_a
Bogotá : Norma
300
_a
30 P.
001
340
942
_c
LGB
999
_c
47585
_d
47585